How to Make Abstract Paintings. (Record no. 2127)

MARC details
000 -LEADER
fixed length control field 00351nam a22001217a 4500
005 - DATE AND TIME OF LATEST TRANSACTION
control field 20200909091604.0
008 - FIXED-LENGTH DATA ELEMENTS--GENERAL INFORMATION
fixed length control field 200909b ||||| |||| 00| 0 eng d
020 ## - INTERNATIONAL STANDARD BOOK NUMBER
International Standard Book Number 10580
040 ## - CATALOGING SOURCE
Transcribing agency CML
245 ## - TITLE STATEMENT
Title How to Make Abstract Paintings.
Statement of responsibility, etc. Laidman, H.
260 ## - PUBLICATION, DISTRIBUTION, ETC.
Place of publication, distribution, etc. USA
Name of publisher, distributor, etc. Thames and Hudson
Date of publication, distribution, etc. 1961
942 ## - ADDED ENTRY ELEMENTS (KOHA)
Source of classification or shelving scheme Dewey Decimal Classification
Koha item type Books
Edition 1st Edition
Classification part 750
Call number suffix LAI
Holdings
Withdrawn status Lost status Source of classification or shelving scheme Damaged status Not for loan Collection code Home library Current library Shelving location Date acquired Total Checkouts Full call number Date last seen Copy number Price effective from Koha item type
    Dewey Decimal Classification     Technology (Applied Sciences) Chalimbana Main Library Chalimbana Main Library The Arts Fine & Decorative Arts 09/09/2020   750 LAI 09/09/2020 1 09/09/2020 Books

Powered by Koha